000 00625cam a22002411 4500
001 sa 65002482
003 DLC
005 20260227112117.0
008 941101s1964 ii ac b 000 0 beno
010 _asa 65002482
025 _aPL480:I-B-1479
035 _a(OCoLC)31390582
040 _aDLC
_cCU
_dCU
_dDLC
042 _apremarc
050 0 0 _aHQ56
_b.D26
100 1 _aDāsa, Pi. Ke.,
_cḌāḥ.
245 1 0 _aYaubana prasaṅge /
_cPi. Ke. Dāsa.
260 _c[1964]
300 _a271, [1] p.
_billus., ports.
_c23 cm.
546 _aIn Bengali.
504 _aBibliography: p. [272]
650 0 _aSex instruction.
999 _c62664
_d62664